000 00404nam a2200169Ia 4500
001 26289
003 IN-NITTTR
005 20251114233331.0
008 251113s9999||||xx |||||||||||||| ||eng||
040 _beng
040 _cIN-NITTTR
041 _aeng
082 _a006.71 N213I
100 _aNIIT,
245 0 _aInteractive communication through multimedia :
_b an overview /
_cNIIT
942 _2ddc
_cBK
999 _c28918
_d28918